书目信息 |
| 题名: |
哑铃健身法
|
|
| 作者: | 潘觐光 著 | |
| 分册: | ||
| 出版信息: | 北京 《体育教学与训练》杂志编辑部 1986 |
|
| 页数: | 95页 | |
| 开本: | 20cm | |
| 丛书名: | ||
| 单 册: | ||
| 中图分类: | G835.19 | |
| 科图分类: | ||
| 主题词: | 体操 | |
| 电子资源: | ||
| ISBN: | ||
| 000 | 00492nam0 2200181 45 | |
| 001 | 0405051155 | |
| 005 | 20051209083026.09 | |
| 010 | @dCNY1.00 | |
| 100 | @a20040505d1986 km y0chiy0120 ea | |
| 101 | 0 | @achi |
| 200 | 1 | @a哑铃健身法@AYa Ling Jian Shen Fa@f潘觐光著@FPan Jin Guang Zhu |
| 210 | @a北京@c《体育教学与训练》杂志编辑部@d1986 | |
| 215 | @a95页@d20cm | |
| 606 | 0 | @a体操 |
| 690 | @aG835.19@v3 | |
| 701 | 0 | @a潘觐光@4著 |
| 801 | @aCN@bTSTCL@c20051209 | |
| 905 | @f4@b232773-776@dG835.19@e27 | |
| 哑铃健身法/潘觐光著.-北京:《体育教学与训练》杂志编辑部,1986 |
| 95页;20cm |
| ISBN :CNY1.00 |
| ● |
| 相关链接 |
|
|
|
|
正题名:哑铃健身法
索取号:G835.19/27
 
预约/预借
| 序号 | 登录号 | 条形码 | 馆藏地/架位号 | 状态 | 备注 |
| 1 | 0232773 | 000994865 | 第一样本阅览室/ [索取号:G835.19/27] | 在馆 | |
| 2 | 0232774 | 000994829 | 密集书库/ [索取号:G835.19/27] | 在馆 | |
| 3 | 0232775 | 000994883 | 密集书库/ [索取号:G835.19/27] | 在馆 | |
| 4 | 0232776 | 000994874 | 密集书库/ [索取号:G835.19/27] | 在馆 | |
| 5 | 0232777 | 202167332 | 密集书库/ [索取号:G835.19/27] | 在馆 |